000 00344nam a2200145Ia 4500
008 230917s9999||||xx |||||||||||||| ||und||
040 _e55299
_aMAIN
041 _aEnglish
082 _a342 S64V
100 _aSingh, Birkeshwar
245 0 _aVishav ke pramukh savindhan
260 _aNew Delhi
_bGyanda
_c2001
300 _av. p.
942 _cBK
999 _c93471
_d93471